000 00504nam a2200181Ia 4500
003 GCL
008 140319s9999 xx 000 0 eng d
040 _aGCL /
_cGCL
082 0 4 _a646.21
_bB S
100 1 _aBALL, MICHELLE
245 1 0 _aSlipcover Chic: Designing and sewing Elegant Slipcovers at Home /
_cBALL, MICHELLE
700 1 _aREVLAND, COTBERINE
700 1 _aGAREY, CAREL COOPER
260 _a[S.N] :
_bHEARST BOOK ،
_c1992
300 _a144 P P
650 0 4 _aSLIPCOYERS
942 _2ddc
_cBK
999 _c10269
_d10269